000 00190nam a2200097Ia 4500
100 _aGupta-S.P
_931
942 _cBK
245 _aStatistical methods
260 _c2021
082 _a519.5 
_bGUP
999 _c35846
_d35846